Statistics for The Eleven Main Colours

Click here to take the quiz!

General Stats

  • This quiz has been taken 30 times
  • The average score is 10 of 11

Answer Stats

Answer% Correct
Blue
100%
Green
100%
Purple
100%
Red
100%
Yellow
100%
Black
97%
Orange
97%
White
97%
Pink
93%
Brown
86%
Gray/Grey
79%

Score Distribution

Percentile by Number Answered

Percent of People with Each Score

Your Score History

You have not taken this quiz